Noothana Prabandangal (Record no. 19609)

MARC details
000 -LEADER
fixed length control field 00473nam a2200145Ia 4500
008 - FIXED-LENGTH DATA ELEMENTS--GENERAL INFORMATION
fixed length control field 211109s9999||||xx |||||||||||||| ||und||
082 ## - DEWEY DECIMAL CLASSIFICATION NUMBER
Classification number 894.812
Item number RAM-N
100 ## - MAIN ENTRY--PERSONAL NAME
Personal name Raman Nair, C I
245 #0 - TITLE STATEMENT
Title Noothana Prabandangal
260 ## - PUBLICATION, DISTRIBUTION, ETC.
Name of publisher, distributor, etc. Vidyarthi Mithram
Place of publication, distribution, etc. Kottayam
Date of publication, distribution, etc. 1956
300 ## - PHYSICAL DESCRIPTION
Extent 256p
630 ## - SUBJECT ADDED ENTRY--UNIFORM TITLE
General subdivision General Stack
650 ## - SUBJECT ADDED ENTRY--TOPICAL TERM
Topical term or geographic name entry element Literature & rhetoric
942 ## - ADDED ENTRY ELEMENTS (KOHA)
Koha item type BOOK
650 ## - SUBJECT ADDED ENTRY--TOPICAL TERM
Form subdivision Literatures of other languagesAltaic, Uralic, Hyperborean & Dravidianmalayalam literature
General subdivision Malayalam
Holdings
Withdrawn status Lost status Source of classification or shelving scheme Damaged status Not for loan Home library Current library Date acquired Cost, normal purchase price Full call number Barcode Shelving location Date last seen Price effective from Koha item type
    Dewey Decimal Classification     SB LIBRARY SB LIBRARY 09/11/2021 2.50 894.8124 RAM-N 00020301 GENERAL STACK 09/11/2021 09/11/2021 BOOK

Powered by Koha